Statistics for Biggest Trading Partners - Somalia

Click here to take the quiz!

General Stats

  • This quiz has been taken 140 times
  • The average score is 24 of 32

Answer Stats

Exports Country % Correct
$44.4 MUnited States
95%
$23.5 MChina
93%
$314 MSaudi Arabia
92%
$1.3 MEthiopia
92%
$53.5 MEgypt
89%
$15.6 MIndia
87%
$23.9 MItaly
87%
$15.6 MGermany
85%
$8.29 MFrance
83%
$8.67 MYemen
81%
$139 MOman
80%
$1.33 MTurkey
80%
$1.19 MSpain
80%
$1.44 MJapan
79%
$6.36 MSouth Korea
75%
$6.61 MPakistan
66%
$36.9 MBrazil
57%
$66.7 MMalaysia
55%
$4.86 MBahrain
50%
$2.94 MJordan
48%
$17.4 MThailand
48%
$1.84 MTunisia
36%
$3.09 MIvory Coast
14%

Score Distribution

Percentile by Number Answered

Percent of People with Each Score

Your Score History

You have not taken this quiz